| 000 | 00330nam a2200109 a 4500 | ||
|---|---|---|---|
| 005 | 20140408090012.0 | ||
| 008 | 021115s19uu xx 00 eng d | ||
| 050 |
_aPGS '99 _bAGU #1 |
||
| 100 | _aAguilan, Louise Anne Karemina | ||
| 245 | _aMusic preferences and its effects to SISC high school students SY 1998-1999. | ||
| 942 | _cPASS | ||
| 999 |
_c96171 _d96171 |
||